000 nam a22 7a 4500
999 _c232899
_d232899
003 Nust
005 20170224145125.0
008 170224b xxu||||| |||| 00| 0 eng d
020 _a 969-01-01455
040 _cDLC
082 _a320.9549 INA
245 _aPakistan politics :
_cInayatullah.
260 _aRawalpindi
_bFerozsons,
300 _ax, 236 p. ;
_c23 cm.
942 _2ddc
_cBK